| 000 | 00636nam a2200193 a 4500 | ||
|---|---|---|---|
| 005 | 20140412111251.0 | ||
| 008 | 000821s19uu xx 00 eng d | ||
| 020 | _a0-590-33155-8 | ||
| 050 |
_aTR(PS E _bCh34 |
||
| 100 | _aWilliams, Vera B. | ||
| 245 |
_aA Chair for my mother / _cby vera B. Williams. |
||
| 260 |
_aNew York : _bScholastic Inc. |
||
| 300 | _a1 v. (unp.) ; ill. | ||
| 520 | _aWhent he jar is full we are going to buy a char . . . the most beautiful, fat, soft armchair in the world! | ||
| 650 | _aRelationships--Fiction | ||
| 650 | _aMother and daughter--Fiction | ||
| 650 | _aChildren stories | ||
| 999 |
_c103166 _d103166 |
||